Normal view
MARC view
Entry Personal Name
001 - CONTROL NUMBER
- control field: 1190278
003 - CONTROL NUMBER IDENTIFIER
- control field: OSt
005 - DATE AND TIME OF LATEST TRANSACTION
- control field: 20260324132709.0
008 - FIXED-LENGTH DATA ELEMENTS
- fixed length control field: 260324|| aca||aabn | a|a d
040 ## - CATALOGING SOURCE
- Original cataloging agency: OSt
- Transcribing agency: OSt
100 ## - HEADING--PERSONAL NAME
- Personal name: Yu.G. Medvedevskikh; Gennady Zaikov; A.R. Kytsya; L.I. Bazylyak; Anatolij Turovsky
670 ## - SOURCE DATA FOUND
- Source citation: Work cat.: (OSt)1788603: Yu.G. Medvedevskikh; Gennady Zaikov; A.R. Kytsya; L.I. Bazylyak; Anatolij Turovsky, Stationary and Non-Stationary Kinetics of the Photoinitiated Polymerization
